[Event "Oslo ASKO Pinseturnering-B"]
[Site "Oslo"]
[Date "2009.05.30"]
[Round "1"]
[White "Anderson, Ludvig"]
[Black "Snahre, Stig Allan"]
[Result "0-1"]
[WhiteElo "740"]
[BlackElo "1335"]
[PlyCount "80"]
[EventDate "2009.05.30"]
[EventType "swiss"]
[EventRounds "6"]
[EventCountry "NOR"]
[SourceTitle "EXT 2011"]
[Source "ChessBase"]
[SourceDate "2010.11.26"]
[SourceVersion "1"]
[SourceVersionDate "2010.11.26"]
[SourceQuality "1"]

1. e4 e5 2. Nf3 Nc6 3. Bc4 Bc5 4. b4 Bxb4 5. c3 Ba5 6. Qb3 Qe7 7. d4 Nxd4 8. Nxd4 exd4 9. 0-0 Bb6 10. Rd1 dxc3 11. Nxc3 Qf6 12. Rd2 Nh6 13. Bb2 Qf4 14. Bc1 Ng4 15. Bxf7+ Qxf7 16. Qxf7+ Kxf7 17. Nd1 d6 18. Bb2 Rf8 19. h3 Ne5 20. Rc1 Be6 21. Bxe5 dxe5 22. Rcc2 Rad8 23. Kh1 Rxd2 24. Rxd2 Ke7 25. Kg1 Rd8 26. Rxd8 Kxd8 27. Nc3 Bd4 28. Ne2 Bxa2 29. Ng3 g6 30. Kf1 b5 31. f3 b4 32. Ke1 b3 33. Ke2 b2 34. Nf1 Bc4+ 35. Kd2 Bxf1 36. Kc2 Bxg2 37. f4 Bxe4+ 38. Kb3 b1Q+ 39. Ka3 Bc2 40. fxe5 Qb3# 0-1

[Event "Oslo ASKO Pinseturnering-B"]
[Site "Oslo"]
[Date "2009.05.30"]
[Round "5"]
[White "Liu, Bibek"]
[Black "Anderson, Ludvig"]
[Result "1-0"]
[WhiteElo "961"]
[BlackElo "740"]
[PlyCount "81"]
[EventDate "2009.05.30"]
[EventType "swiss"]
[EventRounds "6"]
[EventCountry "NOR"]
[SourceTitle "EXT 2011"]
[Source "ChessBase"]
[SourceDate "2010.11.26"]
[SourceVersion "1"]
[SourceVersionDate "2010.11.26"]
[SourceQuality "1"]

1. c4 Nc6 2. d4 e6 3. Nf3 Bb4+ 4. Bd2 Ba5 5. Bc3 Nf6 6. Nbd2 0-0 7. Bxa5 Nxa5 8. e3 d5 9. Be2 h6 10. 0-0 b6 11. Qc2 Nc6 12. Qc3 Bb7 13. Rac1 Rc8 14. Bd1 Ne7 15. b4 c6 16. Qa3 Ra8 17. Ba4 Qc7 18. Ne5 Rfd8 19. cxd5 Rxd5 20. b5 c5 21. Bb3 Rdd8 22. Ndf3 Bxf3 23. Nxf3 Rac8 24. h3 Ne4 25. Rfd1 Ng6 26. Bc2 Nf6 27. Bxg6 fxg6 28. Ne5 Ne4 29. Nxg6 Qf7 30. Nf4 Nxf2 31. Kxf2 g5 32. g3 gxf4 33. gxf4 Qc7 34. Qb3 Qd6 35. dxc5 Qc7 36. Qxe6+ Kh7 37. Qf5+ Kg7 38. Rxd8 Qxd8 39. Rg1+ Kh8 40. Qe5+ Kh7 41. Qg7# 1-0